| 000 | 01152nam a2200349Ia 4500 | ||
|---|---|---|---|
| 001 | 030961 | ||
| 008 | 221003m2011 xx 000 0 spa d | ||
| 035 | _aCENDO_21961 | ||
| 041 | _aspa | ||
| 245 | 0 | _aRepaso a las movilizaciones contra los recortes y la privatización | |
| 260 |
_aMadrid : _bFederación Regional de Enseñanza de Madrid de CCOO, _c2011 |
||
| 300 |
_a1 p. ; _c 30 cm |
||
| 500 | _aEn: T.E. : Madrid, n. 327 (noviembre 2011), p. 8 | ||
| 650 |
_aCCOO _960 |
||
| 650 | 0 |
_aACTITUD SINDICAL _961 |
|
| 650 |
_aEDUCACION _9431 |
||
| 650 |
_aPRIVATIZACION _95058 |
||
| 650 |
_aENSEÑANZA PUBLICA _94635 |
||
| 650 |
_aMADRID _9180 |
||
| 650 | 0 |
_aGOBIERNO REGIONAL _9889 |
|
| 650 |
_aPOLITICA EDUCATIVA _9675 |
||
| 710 |
_aCCOO _bFederación de Enseñanza _bFederación de Madrid _eed. _96577 |
||
| 856 |
_zPDF _uhttp://docpublicos.ccoo.es/cendoc/030961RepasoMoivilizacionesRecortes.pdf |
||
| 901 | _a0 | ||
| 903 | _aNO | ||
| 904 | _a000 | ||
| 907 | _aConflicto en la enseñanza | ||
| 953 |
_d2011-12-12 _yDOCU_ELEC _hT.E. : Madrid, n. 327 (noviembre 2011), p. 8 _tPS05 |
||
| 999 |
_c21960 _d21960 |
||
| 910 | _a2011 | ||
| 942 | _cDOCU_ELEC | ||